[Event "Milan Crespi op-C 35th"]
[Site "Milan"]
[Date "2014.12.04"]
[Round "1"]
[White "Pollio, Ciro"]
[Black "Piantoni, Pierino"]
[Result "1/2-1/2"]
[WhiteElo "1774"]
[BlackElo "1889"]
[PlyCount "47"]
[EventDate "2014.12.04"]
[EventType "swiss"]
[EventRounds "7"]
[EventCountry "ITA"]
[SourceTitle "EXT 2017"]
[Source "ChessBase"]
[SourceDate "2016.10.25"]
[SourceVersion "1"]
[SourceVersionDate "2016.10.25"]
[SourceQuality "1"]

1. d4 d5 2. c4 e6 3. cxd5 exd5 4. Nc3 c5 5. Nf3 Nc6 6. Bg5 Be7 7. Bxe7 Ngxe7 8. e3 Qa5 9. dxc5 0-0 10. Be2 Qxc5 11. 0-0 Rd8 12. Nb5 Qb4 13. b3 Bf5 14. Nbd4 Bg6 15. a3 Qd6 16. b4 a6 17. Rc1 f6 18. Qb3 Bf7 19. Rc3 Ne5 20. Rfc1 Rac8 21. Rxc8 Rxc8 22. Rxc8+ Nxc8 23. Qc3 Nc4 24. Nd2 1/2-1/2

[Event "Milan Crespi op-B 32nd"]
[Site "Milan"]
[Date "2011.12.11"]
[Round "6"]
[White "Piantoni, Pierino"]
[Black "Sirletti, Sonia"]
[Result "1-0"]
[WhiteElo "1932"]
[BlackElo "1960"]
[PlyCount "77"]
[EventDate "2011.12.07"]
[EventType "swiss"]
[EventRounds "7"]
[EventCountry "ITA"]
[SourceTitle "EXT 2022"]
[Source "ChessBase"]
[SourceDate "2021.10.06"]
[SourceVersion "1"]
[SourceVersionDate "2021.10.06"]
[SourceQuality "1"]

1. Nf3 Nf6 2. g3 d5 3. Bg2 c5 4. 0-0 Nc6 5. d3 e5 6. e4 d4 7. Nbd2 Be7 8. Nc4 Qc7 9. a4 Be6 10. Na3 Nd7 11. Ng5 Bxg5 12. Bxg5 f6 13. Bd2 a6 14. Bh3 Nf8 15. b3 Rb8 16. Nc4 b5 17. axb5 axb5 18. Na5 Nxa5 19. Bxe6 Nxe6 20. Qg4 Kf7 21. Rxa5 Qb7 22. Rfa1 Ra8 23. f4 Rxa5 24. Rxa5 h5 25. Qd1 Nc7 26. fxe5 Qb6 27. Qf3 h4 28. Ra1 hxg3 29. Qxg3 Ne8 30. Qg4 Qc7 31. e6+ Ke7 32. Bf4 Qb6 33. Ra8 Qb7 34. Qg6 Kxe6 35. Rxe8+ Rxe8 36. Qxe8+ Qe7 37. Qg8+ Kd7 38. Qd5+ Ke8 39. Bd6 1-0

[Event "Milan Palladino Memorial"]
[Site "Milan"]
[Date "2011.04.23"]
[Round "4"]
[White "Piantoni, Pierino"]
[Black "Cani, Gazmir"]
[Result "0-1"]
[WhiteElo "1965"]
[BlackElo "2132"]
[PlyCount "76"]
[EventDate "2011.04.21"]
[EventType "swiss"]
[EventRounds "7"]
[EventCountry "ITA"]
[SourceTitle "EXT 2023"]
[Source "ChessBase"]
[SourceDate "2022.10.05"]
[SourceVersion "1"]
[SourceVersionDate "2022.10.05"]
[SourceQuality "1"]

1. Nf3 Nf6 2. Nc3 d5 3. d4 g6 4. Bf4 Bg7 5. h3 0-0 6. e3 c5 7. Be2 Nc6 8. 0-0 Ne4 9. Nb5 a6 10. Na3 b5 11. c3 Bf5 12. Nc2 Qb6 13. dxc5 Nxc5 14. Ncd4 Nxd4 15. Nxd4 Bd7 16. Nf3 Rfd8 17. Ne5 Be8 18. Qd4 Na4 19. Qxb6 Nxb6 20. Rfd1 Rac8 21. Rd2 f6 22. Nf3 e5 23. Bg3 Nc4 24. Bxc4 Rxc4 25. Rad1 Bf7 26. Kf1 a5 27. Ng1 Rdc8 28. Ne2 b4 29. f3 Bh6 30. f4 exf4 31. Bxf4 Bxf4 32. exf4 bxc3 33. bxc3 Rb8 34. Kf2 a4 35. Rc2 a3 36. Rdd2 Be6 37. Nd4 Bd7 38. Nb3 Ba4 0-1

[Event "Milan Palladino Memorial"]
[Site "Milan"]
[Date "2011.04.22"]
[Round "2"]
[White "Gaggino, Davide"]
[Black "Piantoni, Pierino"]
[Result "1/2-1/2"]
[WhiteElo "1903"]
[BlackElo "1965"]
[PlyCount "55"]
[EventDate "2011.04.21"]
[EventType "swiss"]
[EventRounds "7"]
[EventCountry "ITA"]
[SourceTitle "EXT 2023"]
[Source "ChessBase"]
[SourceDate "2022.10.05"]
[SourceVersion "1"]
[SourceVersionDate "2022.10.05"]
[SourceQuality "1"]

1. c4 Nf6 2. Nc3 e5 3. g3 Nc6 4. Bg2 d6 5. d3 Be6 6. e4 Nd4 7. h3 c6 8. Nge2 Nxe2 9. Qxe2 Be7 10. Be3 d5 11. exd5 cxd5 12. Bd2 dxc4 13. dxc4 0-0 14. 0-0 Bxc4 15. Qxc4 Qxd2 16. Qb5 Qd6 17. Rad1 Qc5 18. Rfe1 Qxb5 19. Nxb5 e4 20. Nd6 Rad8 21. Nxe4 Rxd1 22. Rxd1 b6 23. Nxf6+ Bxf6 24. Rd7 Bxb2 25. Rxa7 g6 26. Bd5 Bd4 27. Kf1 Kg7 28. Ra8 1/2-1/2

[Event "Milan Crespi op-B 31th"]
[Site "Milan"]
[Date "2010.12.08"]
[Round "7"]
[White "Bisignano, Giuseppe"]
[Black "Piantoni, Pierino"]
[Result "0-1"]
[WhiteElo "1898"]
[BlackElo "1960"]
[PlyCount "58"]
[EventDate "2010.12.04"]
[EventType "swiss"]
[EventRounds "7"]
[EventCountry "ITA"]
[SourceTitle "EXT 2024"]
[Source "ChessBase"]
[SourceDate "2023.10.10"]
[SourceVersion "1"]
[SourceVersionDate "2023.10.10"]
[SourceQuality "1"]

1. e4 e6 2. d4 d5 3. Nc3 Bb4 4. e5 c5 5. Bd2 Ne7 6. Nf3 Nbc6 7. dxc5 Bxc5 8. a3 a6 9. Bd3 Qc7 10. Qe2 b5 11. 0-0 h6 12. Rfe1 Bb7 13. Rad1 Ba7 14. Na2 g5 15. h3 Rg8 16. Nb4 Ng6 17. a4 Nxb4 18. Bxb4 Nf4 19. Qf1 g4 20. hxg4 Rxg4 21. Kh1 Rxg2 22. axb5 0-0-0 23. bxa6 Ba8 24. Re3 Rdg8 25. Bh7 d4 26. Bxg8 dxe3 27. fxe3 Bxe3 28. Rd3 Rg1+ 29. Qxg1 Bxf3+ 0-1

[Event "Milan Palladino Memorial"]
[Site "Milan"]
[Date "2010.04.02"]
[Round "2"]
[White "Piantoni, Pierino"]
[Black "Battistella, Stefano"]
[Result "1/2-1/2"]
[WhiteElo "1943"]
[BlackElo "2095"]
[PlyCount "21"]
[EventDate "2010.04.01"]
[EventType "swiss"]
[EventRounds "6"]
[EventCountry "ITA"]
[SourceTitle "EXT 2024"]
[Source "ChessBase"]
[SourceDate "2023.10.10"]
[SourceVersion "1"]
[SourceVersionDate "2023.10.10"]
[SourceQuality "1"]

1. c4 g6 2. d4 Nf6 3. Nc3 Bg7 4. e4 d6 5. Nf3 0-0 6. Be2 e5 7. d5 Nbd7 8. 0-0 a5 9. Be3 b6 10. a3 Nc5 11. Nd2 1/2-1/2

[Event "Milan Crespi op-B 30th"]
[Site "Milan"]
[Date "2009.12.07"]
[Round "5"]
[White "Gonella, Daniele"]
[Black "Piantoni, Pierino"]
[Result "0-1"]
[WhiteElo "1856"]
[BlackElo "1939"]
[PlyCount "104"]
[EventDate "2009.12.04"]
[EventType "swiss"]
[EventRounds "7"]
[EventCountry "ITA"]
[SourceTitle "EXT 2012"]
[Source "ChessBase"]
[SourceDate "2011.11.24"]
[SourceVersion "1"]
[SourceVersionDate "2011.11.24"]
[SourceQuality "1"]

1. e4 Nc6 2. Nf3 e6 3. Nc3 d5 4. d4 Nf6 5. e5 Ne4 6. a3 a6 7. Bd3 f5 8. exf6 Nxf6 9. 0-0 Bd6 10. b4 0-0 11. Ne2 e5 12. dxe5 Nxe5 13. Nxe5 Bxe5 14. Rb1 Ng4 15. f4 Bd6 16. h3 Nf6 17. Ng3 c5 18. c3 Qc7 19. Qc2 Bd7 20. Nf5 c4 21. Be2 Rae8 22. Nxd6 Qxd6 23. f5 Qe5 24. Bg4 Ne4 25. Rf3 Bxf5 26. Bf4 Qe6 27. Bxf5 Rxf5 28. Rbf1 Ref8 29. g4 R5f7 30. Kg2 h6 31. a4 g5 32. Bd2 Rxf3 33. Rxf3 Rxf3 34. Kxf3 Qf6+ 35. Ke2 Qf2+ 36. Kd1 Qf1+ 37. Be1 Qxh3 38. Qe2 Qxc3 39. Qf1 Qa1+ 40. Ke2 Qb2+ 41. Ke3 Qe5 42. Qh3 Ng3+ 43. Kd2 Qe2+ 44. Kc3 Qxe1+ 45. Kd4 Qd2+ 46. Kc5 Ne4+ 47. Kb6 Qxb4+ 48. Ka7 Qc5+ 49. Ka8 Qc6 50. Ka7 b5 51. axb5 axb5 52. Qh2 Nd6 0-1

[Event "Milan Crespi op-B 30th"]
[Site "Milan"]
[Date "2009.12.07"]
[Round "6"]
[White "Piantoni, Pierino"]
[Black "Fiorili, Roberto"]
[Result "1-0"]
[WhiteElo "1939"]
[BlackElo "1902"]
[PlyCount "51"]
[EventDate "2009.12.04"]
[EventType "swiss"]
[EventRounds "7"]
[EventCountry "ITA"]
[SourceTitle "EXT 2012"]
[Source "ChessBase"]
[SourceDate "2011.11.24"]
[SourceVersion "1"]
[SourceVersionDate "2011.11.24"]
[SourceQuality "1"]

1. c4 c5 2. Nf3 Nc6 3. Nc3 Nf6 4. g3 g6 5. Bg2 Bg7 6. 0-0 0-0 7. e3 d5 8. d4 cxd4 9. Nxd5 dxe3 10. Bxe3 e6 11. Nc3 Qe7 12. Qc1 Bd7 13. Bh6 Rac8 14. b3 Rfd8 15. Bxg7 Kxg7 16. Qb2 Kg8 17. a3 a6 18. Rfe1 Be8 19. Rad1 Rxd1 20. Nxd1 Rd8 21. Ne3 Nb8 22. Nd5 Nxd5 23. cxd5 Rxd5 24. Ne5 Rd8 25. Ng4 Bc6 26. Nh6+ 1-0

[Event "Milan Crespi op-B 29th"]
[Site "Milan"]
[Date "2008.12.06"]
[Round "3"]
[White "Oteri, Aldo"]
[Black "Piantoni, Pierino"]
[Result "0-1"]
[WhiteElo "1831"]
[BlackElo "1935"]
[PlyCount "116"]
[EventDate "2008.12.05"]
[EventType "swiss"]
[EventRounds "7"]
[EventCountry "ITA"]
[SourceTitle "EXT 2010"]
[Source "ChessBase"]
[SourceDate "2010.11.25"]
[SourceVersion "1"]
[SourceVersionDate "2010.11.25"]
[SourceQuality "1"]

1. e4 e6 2. d4 d5 3. Nd2 a6 4. Ngf3 c5 5. c3 Nc6 6. dxc5 Bxc5 7. Nb3 Bb6 8. Bg5 f6 9. exd5 exd5 10. Bf4 Nge7 11. Bd3 0-0 12. Qc2 g6 13. 0-0-0 Be6 14. h4 Nb4 15. Qe2 Nxd3+ 16. Rxd3 Bf5 17. Rd2 Rc8 18. Nfd4 Re8 19. Nxf5 Nxf5 20. Qd3 d4 21. g4 dxc3 22. bxc3 Qxd3 23. Rxd3 Re4 24. gxf5 Rxf4 25. fxg6 hxg6 26. f3 Rc7 27. Kb2 Re7 28. Nd4 Kh7 29. Rh2 Kh6 30. Ne2 Rf5 31. Ng3 Rb5+ 32. Kc2 Bc7 33. Rg2 Bxg3 34. Rxg3 Re2+ 35. Rd2 Rxd2+ 36. Kxd2 Rb2+ 37. Kc1 Rxa2 38. Rg4 Rf2 39. Rf4 f5 40. Kd1 Kh5 41. Ke1 Ra2 42. Rb4 b5 43. c4 bxc4 44. Rxc4 a5 45. Kf1 a4 46. Rb4 a3 47. Ra4 Ra1+ 48. Kg2 a2 49. Ra8 Kxh4 50. Ra4+ Kg5 51. Kh2 Rf1 52. Rxa2 Rxf3 53. Kg2 Rb3 54. Ra6 Kh5 55. Rf6 Rb5 56. Kf3 g5 57. Rf8 Rb3+ 58. Kg2 Kg4 0-1

[Event "Milan Crespi op-A 28th"]
[Site "Milan"]
[Date "2007.12.08"]
[Round "5"]
[White "Piantoni, Pierino"]
[Black "Colica, Daniele"]
[Result "0-1"]
[WhiteElo "1942"]
[BlackElo "1860"]
[PlyCount "76"]
[EventDate "2007.12.05"]
[EventType "swiss"]
[EventRounds "7"]
[EventCountry "ITA"]
[SourceTitle "EXT 2009"]
[Source "ChessBase"]
[SourceDate "2008.11.26"]
[SourceVersion "1"]
[SourceVersionDate "2008.11.26"]
[SourceQuality "1"]

1. c4 e5 2. Nc3 f5 3. g3 Nf6 4. Bg2 c6 5. Qb3 Na6 6. a3 Nc5 7. Qa2 a5 8. Nf3 d6 9. 0-0 g6 10. d4 exd4 11. Nxd4 Bg7 12. b3 0-0 13. Rb1 Ng4 14. Qd2 Qf6 15. e3 Ne5 16. Bb2 a4 17. Qd1 Nxb3 18. Nxb3 axb3 19. Ne2 Qe7 20. Qxb3 Be6 21. Bxe5 dxe5 22. Rfc1 b5 23. Bxc6 bxc4 24. Qb4 Ra7 25. Nc3 Qf7 26. e4 Rd8 27. a4 f4 28. Rd1 Rd3 29. Rxd3 cxd3 30. Qb8+ Bf8 31. Qd8 fxg3 32. hxg3 Kg7 33. Qxd3 Bc5 34. Qd2 Qf3 35. Kh2 Qh5+ 36. Kg1 Bh3 37. Qd3 Rf7 38. Rb7 Bxf2+ 0-1

[Event "Milan Crespi op 27th"]
[Site "Milan"]
[Date "2006.12.08"]
[Round "3"]
[White "Barlocco, Carlo"]
[Black "Piantoni, Pierino"]
[Result "1-0"]
[WhiteElo "2198"]
[BlackElo "1973"]
[PlyCount "89"]
[EventDate "2006.12.07"]
[EventType "swiss"]
[EventRounds "6"]
[EventCountry "ITA"]
[SourceTitle "EXT 2008"]
[Source "ChessBase"]
[SourceDate "2007.11.25"]
[SourceVersion "1"]
[SourceVersionDate "2007.11.25"]
[SourceQuality "1"]

1. g3 e5 2. Bg2 d5 3. d3 Nc6 4. Nf3 Nf6 5. c4 dxc4 6. Qa4 Bd6 7. Qxc4 0-0 8. Nc3 a6 9. 0-0 Be6 10. Qa4 h6 11. a3 Qd7 12. b4 Rae8 13. Bb2 Bh3 14. Nd2 Bxg2 15. Kxg2 Qc8 16. Rac1 Nd4 17. Nce4 Qa8 18. Nxf6+ gxf6 19. e4 Ne6 20. Qd1 Kh7 21. Nc4 Rg8 22. Rc2 Rd8 23. Ne3 c5 24. Nd5 Rg6 25. h4 Nf4+ 26. Nxf4 exf4 27. h5 Rgg8 28. Bxf6 Rde8 29. bxc5 Bc7 30. d4 Re6 31. e5 Rxf6 32. exf6 Qc8 33. d5 Qf5 34. Rc4 Qg5 35. d6 fxg3 36. Qd3+ Kh8 37. f4 Qh4 38. Rh1 Qxf6 39. dxc7 Qc6+ 40. Qe4 Qd7 41. Rd4 Qb5 42. Qe5+ Kh7 43. Qf5+ Kg7 44. Qg4+ Kh7 45. Qxg8+ 1-0

[Event "Turin olympic op-A"]
[Site "Turin"]
[Date "2006.05.27"]
[Round "7"]
[White "Piantoni, Pierino"]
[Black "Ronzano, Luca"]
[Result "1-0"]
[WhiteElo "1983"]
[BlackElo "1847"]
[PlyCount "60"]
[EventDate "2006.05.22"]
[EventType "swiss"]
[EventRounds "9"]
[EventCountry "ITA"]
[SourceTitle "EXT 2011"]
[Source "ChessBase"]
[SourceDate "2010.11.26"]
[SourceVersion "1"]
[SourceVersionDate "2010.11.26"]
[SourceQuality "1"]

1. c4 f5 2. Nc3 Nf6 3. d3 e6 4. e4 fxe4 5. dxe4 e5 6. f4 Nc6 7. Nf3 Bb4 8. fxe5 Nxe4 9. Qd3 Nc5 10. Qd5 Ne7 11. Qd4 Nf5 12. Qd1 0-0 13. a3 Bxc3+ 14. bxc3 d6 15. Bg5 Qe8 16. Be2 Be6 17. 0-0 Ne4 18. Bd3 Nxg5 19. Nxg5 Rd8 20. Qg4 g6 21. exd6 Rxd6 22. Rae1 Nh6 23. Qh4 Rxf1+ 24. Rxf1 Kg7 25. Re1 Qd7 26. c5 Rc6 27. Bb5 Bd5 28. Qd4+ Kg8 29. Bc4 Kf8 30. Bxd5 Ra6 1-0

[Event "Turin olympic op-A"]
[Site "Turin"]
[Date "2006.05.25"]
[Round "4"]
[White "Gallucci, Alessio"]
[Black "Piantoni, Pierino"]
[Result "0-1"]
[WhiteElo "1787"]
[BlackElo "1983"]
[PlyCount "74"]
[EventDate "2006.05.22"]
[EventType "swiss"]
[EventRounds "9"]
[EventCountry "ITA"]
[SourceTitle "EXT 2011"]
[Source "ChessBase"]
[SourceDate "2010.11.26"]
[SourceVersion "1"]
[SourceVersionDate "2010.11.26"]
[SourceQuality "1"]

1. e4 e6 2. d4 d5 3. Nc3 Bb4 4. e5 c5 5. a3 Ba5 6. Qg4 Ne7 7. Bb5+ Bd7 8. Bxd7+ Qxd7 9. Nge2 Nbc6 10. Be3 0-0 11. b4 cxb4 12. Na4 b3+ 13. c3 Bb6 14. Nb2 Na5 15. Ng3 f5 16. Qf3 Ng6 17. Ne2 Rac8 18. h4 Qf7 19. h5 Ne7 20. Bg5 Nc4 21. Nxc4 dxc4 22. Nf4 Nc6 23. Qg3 Ba5 24. 0-0-0 Bd8 25. Bxd8 Rcxd8 26. Rh3 Ne7 27. Rdh1 Nd5 28. Ng6 f4 29. Qg4 Qf5 30. Qxf5 Rxf5 31. h6 Rd7 32. hxg7 Rxg7 33. Nh4 Rh5 34. Kb2 b5 35. Rf3 Rg4 36. g3 a5 37. Rg1 Rhxh4 0-1

[Event "Milan Crespi op 26th"]
[Site "Milan"]
[Date "2005.12.09"]
[Round "4"]
[White "Barlocco, Carlo"]
[Black "Piantoni, Pierino"]
[Result "1-0"]
[WhiteElo "2224"]
[BlackElo "1974"]
[PlyCount "55"]
[EventDate "2005.12.07"]
[EventType "swiss"]
[EventRounds "7"]
[EventCountry "ITA"]
[SourceTitle "EXT 2007"]
[Source "ChessBase"]
[SourceDate "2006.11.23"]
[SourceVersion "1"]
[SourceVersionDate "2006.11.23"]
[SourceQuality "1"]

1. g3 Na6 2. Bg2 Rb8 3. Nf3 b6 4. 0-0 Bb7 5. d4 Nf6 6. Nc3 e6 7. Bg5 h6 8. Bxf6 Qxf6 9. e4 g5 10. Qd2 Be7 11. Rae1 d6 12. e5 dxe5 13. Nxe5 Bxg2 14. Kxg2 Rd8 15. f4 g4 16. Qe2 Nb8 17. f5 Qg5 18. fxe6 f6 19. Nf7 Qh5 20. Nxh8 Qh3+ 21. Kh1 Rxd4 22. Ng6 Nc6 23. Nf4 Rxf4 24. Rxf4 Ne5 25. Qa6 Nf3 26. Qc8+ Bd8 27. Qd7+ Kf8 28. Qf7# 1-0

[Event "Milan Crespi op 26th"]
[Site "Milan"]
[Date "2005.12.08"]
[Round "3"]
[White "Piantoni, Pierino"]
[Black "Ranfagni, Stefano"]
[Result "1-0"]
[WhiteElo "1974"]
[BlackElo "1981"]
[PlyCount "115"]
[EventDate "2005.12.07"]
[EventType "swiss"]
[EventRounds "7"]
[EventCountry "ITA"]
[SourceTitle "EXT 2007"]
[Source "ChessBase"]
[SourceDate "2006.11.23"]
[SourceVersion "1"]
[SourceVersionDate "2006.11.23"]
[SourceQuality "1"]

1. c4 e6 2. g3 f5 3. Bg2 Nf6 4. Nc3 Be7 5. d3 0-0 6. e4 fxe4 7. dxe4 d6 8. Nge2 Nc6 9. 0-0 e5 10. h3 Be6 11. Nd5 Qd7 12. Kh2 Rf7 13. Qd3 Raf8 14. Be3 h6 15. b4 b6 16. a3 Nh7 17. f4 exf4 18. gxf4 Bh4 19. b5 Nd8 20. e5 dxe5 21. fxe5 Ng5 22. Nef4 Bf5 23. Qd4 c5 24. Qd1 Ne4 25. Bxe4 Bxe4 26. Qg4 Qxg4 27. hxg4 g5 28. Nf6+ Rxf6 29. exf6 gxf4 30. Bxf4 Rxf6 31. Bb8 Rxf1 32. Rxf1 Bd3 33. Rc1 Bg5 34. Rc3 Be2 35. Kh3 Ne6 36. Bxa7 Bf1+ 37. Kg3 Bd8 38. Kf2 Bf6 39. Rf3 Bxc4 40. Rxf6 Kg7 41. Rf5 Nd4 42. Rh5 Nxb5 43. Bxb6 Nxa3 44. Bxc5 Nc2 45. Rh1 Bf7 46. Kg3 Bg6 47. Kf4 Bh7 48. Rd1 Bg6 49. Kf3 h5 50. g5 h4 51. Kg4 h3 52. Kxh3 Bf5+ 53. Kg3 Kg6 54. Kf4 Be6 55. Rd6 Kf7 56. g6+ Kf6 57. g7 Kf7 58. Rxe6 1-0